[Event "Antofagasta Zicosur op 3rd"]
[Site "Antofagasta"]
[Date "2017.01.11"]
[Round "3"]
[White "Martinez Martin, David"]
[Black "Vergara Rozas, Jose Francisco"]
[Result "1/2-1/2"]
[WhiteElo "2411"]
[BlackElo "2005"]
[PlyCount "61"]
[EventDate "2017.01.10"]
[EventType "swiss"]
[EventRounds "9"]
[EventCountry "CHI"]
[SourceTitle "CBM 176 Extra"]
[Source "ChessBase"]
[SourceDate "2017.03.02"]
[SourceVersion "1"]
[SourceVersionDate "2017.03.02"]
[SourceQuality "1"]

1. d4 d5 2. c4 c6 3. Nf3 Nf6 4. e3 e6 5. Nbd2 Nbd7 6. Bd3 Bd6 7. 0-0 0-0 8. e4 dxe4 9. Nxe4 Nxe4 10. Bxe4 e5 11. dxe5 Nxe5 12. Nxe5 Bxe5 13. Bxh7+ Kxh7 14. Qh5+ Kg8 15. Qxe5 Re8 16. Qc3 Bf5 17. Be3 Re6 18. Rad1 Qe7 19. Rfe1 Re8 20. Rd4 Qg5 21. h4 Qg6 22. Kh2 Qh5 23. Rf4 Re4 24. Kg1 Rxf4 25. Bxf4 Rxe1+ 26. Qxe1 Qxh4 27. Qe5 Be6 28. b3 Qd8 29. Be3 Qd1+ 30. Kh2 Qe2 31. Bd4 1/2-1/2

[Event "Donihue U2200 op"]
[Site "Donihue"]
[Date "2014.01.31"]
[Round "1"]
[White "Hess Gajardo, Guillermo"]
[Black "Vergara Rozas, Jose Francisco"]
[Result "0-1"]
[WhiteElo "1490"]
[BlackElo "2070"]
[PlyCount "90"]
[EventDate "2014.01.31"]
[EventType "swiss"]
[EventRounds "7"]
[EventCountry "CHI"]
[SourceTitle "EXT 2015"]
[Source "ChessBase"]
[SourceDate "2014.11.20"]
[SourceVersion "1"]
[SourceVersionDate "2014.11.20"]
[SourceQuality "1"]

1. e4 e6 2. d4 d5 3. Nc3 Nf6 4. e5 Nfd7 5. Nf3 c5 6. Be3 Nc6 7. Bb5 Qb6 8. Rb1 a6 9. Bxc6 bxc6 10. a3 cxd4 11. Nxd4 c5 12. Nce2 cxd4 13. Bxd4 Bc5 14. c3 Bxd4 15. Qxd4 Qxd4 16. cxd4 Nb6 17. b3 Bd7 18. a4 a5 19. Kd2 Ke7 20. Kd3 Rhc8 21. Ng1 Rc7 22. Ne2 Bc8 23. Kd2 Ba6 24. Nc3 Rac8 25. Rhc1 Nd7 26. f4 Nb8 27. Rb2 Nc6 28. Rbc2 Kd7 29. Na2 Nxd4 30. Rxc7+ Rxc7 31. Rxc7+ Kxc7 32. b4 Bc4 33. Kc3 Ne2+ 34. Kb2 Bxa2 35. Kxa2 axb4 36. Kb3 d4 37. Kxb4 d3 38. Kb3 Kb6 39. g3 Ka5 40. h3 Nxg3 41. Kc3 Nh5 42. Kxd3 Nxf4+ 43. Kd4 Nxh3 44. Kc5 Ng5 45. Kd6 Nf3 0-1